000
00316nam a2200133Ia 4500
008
240624s9999 xx 000 0 und d
041
_a
eng
082
_a
671 JAQ
100
_a
JAQUES ELLIOTT
245
_a
CHANGING CULTURE OF A FACTORY
260
_c
2007
_a
Oxon
_b
Routledge
300
_a
368 : p.
365
_c
GBP
_b
29
999
_c
20261
_d
20261